| Поле | Название | Значение |
| |
Тип записи |
a |
| |
Библиографический уровень |
a |
| 001 |
Контрольный номер |
UONB/MAIN/3e6432b857244424890a534fc586dd31 |
| 005 |
Дата корректировки |
20221110165717.3 |
| 100 |
Данные общей обработки |
__ |
| a |
Данные общей обработки |
20221025 ||| 0rusy0189 ca |
| 101 |
Язык документа |
0_ |
| a |
Язык текста |
rus |
| 102 |
Страна публикации |
__ |
| a |
Страна публикации |
RU |
| 200 |
Заглавие и сведения об ответственности |
1_ |
| a |
Заглавие |
Каракульча |
| f |
Первые сведения об ответственности |
Диана Светличная |
| e |
Сведения, относящиеся к заглавию |
рассказ |
| 203 |
Вид содержания и тип средства |
__ |
| a |
Вид содержания |
Текст |
| c |
Тип средства |
непосредственный |
| 225 |
Серия |
2_ |
| a |
Серия |
Проза |
| 330 |
Аннотация |
__ |
| a |
Аннотация |
Диана Светличная (Юлия Горяйнова) родилась в 1979 году в Томске. Журналист. Работала в различных СМИ. Преподает в Киргизско-Российском Славянском университете на факультете Международных отношений. Постоянный автор "ДН". "Чай с травами и горячий золотой боорсок действовали как хорошее вино - цвета становились мягче, воздух прозрачнее, хотелось обнять все живое... Вчера они вместе гладили и тискали новорожденного ягненка. Мээрим до сих пор помнит запах и мягкие завитки на боках овечкиного сына. Ягненок едва стоял на своих тонких ножках и смотрел на Мээрим удивленными глазами..." |
| 461 |
Уровень набора |
_0 |
| 1 |
|
2000 |
| a |
|
Дружба народов |
| 1 |
|
011 |
| a |
|
0012-6756 |
| 463 |
Уровень физической единицы |
_0 |
| 1 |
|
2000 |
| a |
|
№ 9 |
| v |
|
С. 148-154 |
| 1 |
|
2101 |
| d |
|
2022 |
| 1 |
|
001UONB/MAIN/a7ae51f1881d42efb7967abab52494fd |
| 606 |
Тематические рубрики |
0_ |
| a |
Основная рубрика |
Художественная литература |
| 606 |
Тематические рубрики |
0_ |
| a |
Основная рубрика |
Современная русская литература (произведения) |
| 610 |
Ключевые слова |
0_ |
| a |
Ключевые слова |
проза |
| 610 |
Ключевые слова |
0_ |
| a |
Ключевые слова |
рассказы |
| 610 |
Ключевые слова |
0_ |
| a |
Ключевые слова |
тема путешествия в Киргизию |
| 610 |
Ключевые слова |
0_ |
| a |
Ключевые слова |
тема мужчины и женщины |
| 610 |
Ключевые слова |
0_ |
| a |
Ключевые слова |
тема спасения новорожденного ягненка |
| 686 |
Индексы других классификаций |
__ |
| 2 |
Код системы |
rubbk |
| 700 |
Автор |
_1 |
| a |
Фамилия |
Светличная |
| b |
Имя (инициалы) |
Д. |
| g |
Полное личное имя |
Диана |
| 4 |
Код отношения |
070 |
| 801 |
Источник записи |
_0 |
| a |
Страна |
RU |
| b |
Организация |
Ульяновская ОНБ |
| c |
Дата составления |
20221025 |
| g |
Правила каталогизации |
RCR |
| 801 |
Источник записи |
_1 |
| a |
Страна |
RU |
| b |
Организация |
Ульяновская ОНБ |
| c |
Дата составления |
20221025 |
| g |
Правила каталогизации |
RCR |
| 901 |
Тип документа |
__ |
| t |
Тип документа |
b |
| w |
Контрольный № источника |
UONB/MAIN/a7ae51f1881d42efb7967abab52494fd |